00566nam a2200193Ia 4500008004100000020002200041082001900063100002000082245003400102250000600136260002800142300001300170500002400183650001400207700002800221942000700249952009900256999001700355230525s9999 xx 000 0 und d a978-0-19-569963-7 a621.4061 bOJH aCSP Ojha945340 0aFluid Mechanics and Machinery a2 aNew DelhibOxfordc2011 aXX,993p; aQuantity Number: 1 aMechanics aP.N.Chandramouli942827 cBK 00104070aTATCLbTATCLcGENd2023-05-25l0o621.4061 OJHp53975r2023-05-25w2023-05-25yBK c61089d61089